000 00331nam a2200133Ia 4500
008 240624s9999 xx 000 0 und d
041 _aeng
082 _a338.4762 MIY
100 _aMIYAZAKI KUMIKO
245 _aBUILDING COMPETENCES IN THE FIRM LESSONS
260 _c1995
_aMacmillan,1995
300 _a321 p.
365 _cERU
_b31
999 _c31375
_d31375